Modelling human operators in control system design /

Bibliographic Details
Main Author: Sutton, Robert, 1948-
Other Authors: Towill, Denis R.
Format: Book
Language:English
Published: Taunton, Somerset, England : New York : Research Studies Press ; Wiley, [1990]
Subjects:

MARC

Tag First Indicator Second Indicator Subfields
LEADER 00000cam a2200000 a 4500
001 in00001005021
005 20150927222040.0
008 900821s1990 enka b 00110 eng
010 |a  90009058  
020 |a 0863801099 (Research Studies Press) 
020 |a 0471929093 (Wiley) 
035 |a (OCoLC)22984522 
035 |9 AFD9274AM 
040 |a DLC  |c DLC  |d TXA  |d UtOrBLW 
049 |a TXAM 
050 0 0 |a T59.7  |b .S86 1990 
082 0 0 |a 620.8/2  |2 20 
100 1 |a Sutton, Robert,  |d 1948- 
245 1 0 |a Modelling human operators in control system design /  |c Robert Sutton ; guest editor, Denis R. Towill. 
264 1 |a Taunton, Somerset, England :  |b Research Studies Press ;  |a New York :  |b Wiley,  |c [1990] 
264 4 |c ©1990 
300 |a xi, 212 pages :  |b illustrations ;  |c 24 cm. 
336 |a text  |b txt  |2 rdacontent 
337 |a unmediated  |b n  |2 rdamedia 
338 |a volume  |b nc  |2 rdacarrier 
504 |a Includes bibliographical references (pages 189-207) and index. 
650 0 |a Human-machine systems. 
700 1 |a Towill, Denis R. 
999 |a MARS 
999 f f |s a82eeeaf-16b2-332a-88dc-79479d8f9758  |i fec663e8-f9f7-3b43-8b4e-833bbf1a36a2  |t 0 
952 f f |p ric  |a Texas A&M University  |b Rellis Campus  |c Joint Library Facility  |d Remote Storage  |t 0  |e T59.7 .S86 1990  |h Library of Congress classification  |i unmediated -- volume  |m A14814411189 
998 f f |a T59.7 .S86 1990  |t 0  |l Remote Storage